Einige Bemerkungen zum Gebrauch der R-Laute im Deutschen

Teoretické a didaktické aspekty artikulácie a použitia r-hlásky v nemčine. Problémy z hľadiska pedagogickej praxe a komunikatívneho nácviku.

Guardado en:
Detalles Bibliográficos
Autor principal: Adamcová, Lívia
Formato: Capítulo de libro
Lenguaje:alemán
Materias:
Etiquetas: Agregar Etiqueta
Sin Etiquetas, Sea el primero en etiquetar este registro!

MARC

LEADER 00000nla$a2200000$$$4500
001 0078406
005 20240502071912.6
041 0 |a ger 
044 |a SK 
245 1 0 |a Einige Bemerkungen zum Gebrauch der R-Laute im Deutschen  |c Lívia Adamcová 
520 |a Teoretické a didaktické aspekty artikulácie a použitia r-hlásky v nemčine. Problémy z hľadiska pedagogickej praxe a komunikatívneho nácviku. 
610 2 0 |a jazyky cudzie 
610 2 0 |a nemčina 
610 2 0 |a didaktika 
610 2 0 |a vyučovanie 
100 1 |a Adamcová, Lívia